NSTP 2: (Record no. 89381)

MARC details
000 -LEADER
fixed length control field 01246nam a22003617a 4500
003 - CONTROL NUMBER IDENTIFIER
control field URS
005 - DATE AND TIME OF LATEST TRANSACTION
control field 20260218080303.0
008 - FIXED-LENGTH DATA ELEMENTS--GENERAL INFORMATION
fixed length control field 260218b |||||||| |||| 00| 0 eng d
020 ## - INTERNATIONAL STANDARD BOOK NUMBER
International Standard Book Number 9786210801231
040 ## - CATALOGING SOURCE
Original cataloging agency DLC
Language of cataloging eng
Transcribing agency DLC
Modifying agency URS
Description conventions rda
050 ## - LIBRARY OF CONGRESS CALL NUMBER
Classification number U 660.P6
Item number N21311 2025
100 ## - MAIN ENTRY--PERSONAL NAME
Personal name Labuguen, Florida C.
245 ## - TITLE STATEMENT
Title NSTP 2:
Remainder of title understanding the National Training Program/
Statement of responsibility, etc. Florida C. Labuguen.-
250 ## - EDITION STATEMENT
Edition statement revised edition-
264 ## - PRODUCTION, PUBLICATION, DISTRIBUTION, MANUFACTURE, AND COPYRIGHT NOTICE
Place of production, publication, distribution, manufacture Malabon City:
Name of producer, publisher, distributor, manufacturer Mutya Publishing House, Inc.,
Date of production, publication, distribution, manufacture, or copyright notice c2025
300 ## - PHYSICAL DESCRIPTION
Extent xiv,
Other physical details 194 pages : illustrations ;
Dimensions 26 centimeters.
336 ## - CONTENT TYPE
Source rdacontent
Content type term text
Content type code txt
337 ## - MEDIA TYPE
Source rdamedia
Media type term unmediated
Media type code n
338 ## - CARRIER TYPE
Source rdacarrier
Carrier type term volume
Carrier type code nc
500 ## - GENERAL NOTE
General note Includes appendices and biographical notes about the authors.
504 ## - BIBLIOGRAPHY, ETC. NOTE
Bibliography, etc. note Includes references.
546 ## - LANGUAGE NOTE
Language note In English text.
650 ## - SUBJECT ADDED ENTRY--TOPICAL TERM
Source of heading or term National service - Philippines
650 ## - SUBJECT ADDED ENTRY--TOPICAL TERM
Source of heading or term Leadership- Study and teaching
650 ## - SUBJECT ADDED ENTRY--TOPICAL TERM
Source of heading or term Literacy program
700 ## - ADDED ENTRY--PERSONAL NAME
Personal name Vidal, Carmelo John E.
700 ## - ADDED ENTRY--PERSONAL NAME
Personal name Placer, Remedios B.
700 ## - ADDED ENTRY--PERSONAL NAME
Personal name Rendorio, Eden V.
700 ## - ADDED ENTRY--PERSONAL NAME
Personal name Selma, Emma E.
700 ## - ADDED ENTRY--PERSONAL NAME
Personal name Bacon, Remedios A.
700 ## - ADDED ENTRY--PERSONAL NAME
Personal name Pava, Hermie P.
942 ## - ADDED ENTRY ELEMENTS (KOHA)
Source of classification or shelving scheme Library of Congress Classification
Koha item type Filipiniana
Edition revised edition
Classification part U 660.P6
Item part N21311 2025
Holdings
Withdrawn status Source of classification or shelving scheme Damaged status Not for loan Home library Current library Shelving location Date acquired Total Checkouts Full call number Barcode Date last seen Copy number Price effective from Koha item type Collection code Source of acquisition
  Library of Congress Classification     Angono College Library Angono College Library Filipiniana Section 02/18/2026   U 660.P6 N21311 2025 URSANG-7772 02/18/2026 1 02/18/2026 Filipiniana    
  Library of Congress Classification     Angono College Library Angono College Library Filipiniana Section 02/18/2026   U 660.P6 N21311 2025 URSANG-7773 02/18/2026 2 02/18/2026 Filipiniana    
  Library of Congress Classification     Antipolo College Library Antipolo College Library Filipiniana Section 10/23/2025   U 660.P6 N21311 2025 URSANT-06355 03/24/2026 1 03/24/2026 Filipiniana Non-fiction Purchased
  Library of Congress Classification     Antipolo College Library Antipolo College Library Filipiniana Section 10/23/2025   U 660.P6 N21311 2025 URSANT-06356 03/24/2026 2 03/24/2026 Filipiniana Non-fiction Purchased
  Dewey Decimal Classification     Pililla College Library Pililla College Library Filipiniana Section 02/18/2026   361.7 N21311 2025 URSPIL-7427 02/18/2026 2 02/18/2026 Filipiniana    
  Dewey Decimal Classification     Pililla College Library Pililla College Library Filipiniana Section 02/18/2026   361.7 N21311 2025 URSPIL-7426 02/18/2026 1 02/18/2026 Filipiniana    

University of Rizal System
Email us at univlibservices@urs.edu.ph

Visit our Website www.urs.edu.ph/library